Compendio de taquigrafía o Arte de escribir siguiendo la rapidez de la palabra : (Record no. 165893)
[ view plain ]
| 000 -LEADER | |
|---|---|
| campo de control de longitud fija | 00902nam a22002055i 4500 |
| 001 - NÚMERO DE CONTROL | |
| campo de control | 165893 |
| 003 - IDENTIFICADOR DE NÚMERO DE CONTROL | |
| campo de control | ES-MaACL |
| 005 - FECHA Y HORA DE LA ÚLTIMA TRANSACCIÓN | |
| campo de control | 20230906213226.0 |
| 008 - DATOS DE LONGITUD FIJA--INFORMACIÓN GENERAL | |
| campo de control de longitud fija | 030613s1872 sp |||| | spa d |
| 080 ## - NÚMERO DE LA CLASIFICACIÓN DECIMAL UNIVERSAL | |
| Número de la Clasificación Decimal Universal | 651.93 |
| 100 1# - ENTRADA PRINCIPAL--NOMBRE DE PERSONA | |
| Nombre de persona | Suit y Agüero, Leopoldo. |
| 9 (RLIN) | 132951 |
| 245 10 - MENCIÓN DEL TÍTULO | |
| Título | Compendio de taquigrafía o Arte de escribir siguiendo la rapidez de la palabra : |
| Resto del título | ajustado al método del inventor D. Francisco de Paula Martí / |
| Mención de responsabilidad, etc. | por D. Leopoldo Suit y Agüero. |
| 246 3# - FORMA VARIANTE DEL TITULO | |
| Título propio/Titulo breve | Arte de escribir siguiendo la rapidez de la palabra |
| 260 ## - PUBLICACIÓN, DISTRIBUCIÓN, ETC. | |
| Lugar de publicación, distribución, etc. | Madrid : |
| Nombre del editor, distribuidor, etc. | Salvador Sánchez Rubio, |
| Fecha de publicación, distribución, etc. | 1872. |
| 300 ## - DESCRIPCIÓN FÍSICA | |
| Extensión | 51 p., 9 h. de lám. ; |
| Dimensiones | 22 cm. |
| 530 ## - NOTA DISPONIBLE DE FORMULARIO FÍSICO ADICIONAL | |
| Nota de formato físico adicional disponible | Disponible en formato digital. |
| 650 #4 - PUNTO DE ACCESO ADICIONAL DE MATERIA--TÉRMINO DE MATERIA | |
| Término de materia o nombre geográfico como elemento de entrada | Taquigrafía Martí. |
| 9 (RLIN) | 158818 |
| 852 4# - LOCALIZACIÓN | |
| Ubicación | ES-MaACL |
| Número de control de estantería | T-144-F-1 |
| Nota libre | - Enc. hol. |
| -- | - Enc. en un vol facticio |
| 856 4# - LOCALIZACIÓN Y ACCESO ELECTRÓNICOS | |
| Identificador Uniforme de Recursos | <a href="http://bdh-rd.bne.es/viewer.vm?id=0000187433&page=1 ">http://bdh-rd.bne.es/viewer.vm?id=0000187433&page=1 </a> |
| Nota pública | Biblioteca Digital Hispánica |
| Estatus retirado | Estado de pérdida | Estado de daño | No para préstamo | Colección | Biblioteca de origen | Biblioteca actual | Ubicación en estantería | Fecha de adquisición | Total de préstamos | Signatura topográfica completa | Código de barras | Visto por última vez | Precio de reemplazo | Tipo de ítem Koha |
|---|---|---|---|---|---|---|---|---|---|---|---|---|---|---|
| Colección de folletos | Biblioteca del Ateneo de Madrid | Biblioteca del Ateneo de Madrid | Depósito folletos | 17/01/2008 | T-144-F-1 | 1173975 | 23/02/2023 | 23/02/2023 | Folleto |
